[Event "DEM U18 2009"]
[Site "Willingen GER"]
[Date "2009.05.31"]
[Round "1"]
[White "Huschenbeth, Niclas"]
[Black "Moshtael, Wesal"]
[Result "1/2-1/2"]
[Termination "normal"]
[Board "1"]
[WhiteTitle "IM"]
[WhiteElo "2425"]
[BlackElo "2133"]
[PlyCount "80"]
[WhiteFideId "24604747"]
[BlackFideId "24618551"]
[EventCountry "GER"]
[EventRounds "9"]
[EventType "swiss"]
[EventDate "2009.05.30"]

1. e4 c6 2. d4 d5 3. Nc3 dxe4 4. Nxe4 Bf5 5. Ng3 Bg6 6. h4 h6 7. Nf3 Nd7 8. h5
Bh7 9. Bd3 Bxd3 10. Qxd3 e6 11. Bf4 Qa5+ 12. Bd2 Qc7 13. O-O-O Ngf6 14. Ne4 Be7
15. Kb1 O-O-O 16. g3 Nxe4 17. Qxe4 Nf6 18. Qe2 Bd6 19. c4 c5 20. Bc3 Rhe8 21.
Ne5 cxd4 22. Bxd4 Bxe5 23. Bxe5 Qc5 24. f4 Qc6 25. Rhe1 Rxd1+ 26. Rxd1 Qe4+ 27.
Qxe4 Nxe4 28. g4 f6 29. Bd4 a6 30. Kc2 e5 31. fxe5 fxe5 32. Bc3 Nf6 33. Rg1 Kd7
34. a4 Ke6 35. b4 Ne4 36. Rf1 Nf6 37. Rg1 Ne4 38. Rf1 Nf6 39. Rg1 Ne4 40. Rf1
Nf6 1/2-1/2

[Event "DEM U18 2009"]
[Site "Willingen GER"]
[Date "2009.05.31"]
[Round "1"]
[White "Korman, Maxim"]
[Black "Strunski, Andreas"]
[Result "0-1"]
[Termination "normal"]
[Board "2"]
[WhiteElo "2170"]
[BlackElo "2329"]
[PlyCount "128"]
[WhiteFideId "24619787"]
[BlackFideId "24606073"]
[EventCountry "GER"]
[EventRounds "9"]
[EventType "swiss"]
[EventDate "2009.05.30"]

1. e4 c5 2. Nc3 Nc6 3. g3 g6 4. d3 Bg7 5. Bg2 d6 6. Be3 b5 7. Qd2 b4 8. Nd1 e5
9. Ne2 Nge7 10. Bh6 O-O 11. Bxg7 Kxg7 12. Ne3 Be6 13. Nd5 Bxd5 14. exd5 Nd4 15.
Nxd4 exd4 16. O-O Ng8 17. Rfe1 Re8 18. Re2 Rxe2 19. Qxe2 Qd7 20. a3 Re8 21. Qd2
a5 22. axb4 axb4 23. Ra6 Nf6 24. Bf3 Re5 25. c3 Qb5 26. Ra1 dxc3 27. bxc3 Re7
28. Kg2 bxc3 29. Qxc3 Qb4 30. Rc1 Rb7 31. Qc4 Nd7 32. Bd1 Ne5 33. Qc3 Qxc3 34.
Rxc3 Rb4 35. Bb3 Rd4 36. Bc4 Nd7 37. Rb3 Nf6 38. Rb7 Nxd5 39. Kf3 Kf6 40. h3
Ne7 41. Rb6 g5 42. Rb7 h5 43. Ke2 h4 44. Ra7 d5 45. Bb5 Rb4 46. Ra6+ Ke5 47.
Be8 Rb2+ 48. Kf3 Kd4 49. Bxf7 Kxd3 50. Re6 Rb7 51. Re5 Kd4 52. Re1 c4 53. Be8
c3 54. Ba4 Kc4 55. Kg4 d4 56. Kxg5 hxg3 57. fxg3 d3 58. h4 Ra7 59. Bd1 c2 60.
Bxc2 dxc2 61. h5 Ra5+ 62. Kf6 Rxh5 63. g4 Ng8+ 64. Kg6 Rd5 0-1

[Event "DEM U18 2009"]
[Site "Willingen GER"]
[Date "2009.05.31"]
[Round "1"]
[White "Jorczik, Julian"]
[Black "Bradler, Stephan"]
[Result "1-0"]
[Termination "normal"]
[Board "3"]
[WhiteTitle "FM"]
[WhiteElo "2354"]
[BlackElo "2006"]
[PlyCount "107"]
[WhiteFideId "24611719"]
[BlackFideId "24629367"]
[EventCountry "GER"]
[EventRounds "9"]
[EventType "swiss"]
[EventDate "2009.05.30"]

1. d4 Nf6 2. c4 g6 3. Nc3 Bg7 4. e4 d6 5. Be2 O-O 6. Nf3 e5 7. O-O Na6 8. Be3
Ng4 9. Bg5 Qe8 10. dxe5 dxe5 11. h3 h6 12. Bd2 Nf6 13. Be3 Qe7 14. Qc1 Kh7 15.
c5 Rd8 16. Bxa6 bxa6 17. Qc2 Bb7 18. Nd2 Qe6 19. Rfd1 Bf8 20. f3 Rd7 21. Qb3
Qxb3 22. Nxb3 Rad8 23. Na5 Ba8 24. Rxd7 Rxd7 25. a3 Ng8 26. Na2 f5 27. exf5
gxf5 28. Nb4 f4 29. Bf2 Rd2 30. Nc4 Rxf2 31. Kxf2 Bxc5+ 32. Ke2 a5 33. Nd3 Bd4
34. Ncxe5 Nf6 35. Rc1 Nd5 36. Nc6 Bb6 37. b4 axb4 38. Ncxb4 Be3 39. Rc4 c5 40.
Nxc5 Nb6 41. Rc2 a5 42. Nbd3 Bd5 43. g3 Nc4 44. Nxf4 Bxf4 45. gxf4 Nxa3 46. Rd2
Bc4+ 47. Ke3 Bb5 48. Ke4 Bc6+ 49. Kf5 Nc4 50. Rd4 Ne3+ 51. Kf6 Bxf3 52. Rd7+
Kg8 53. Rd3 Nd5+ 54. Ke5 1-0

[Event "DEM U18 2009"]
[Site "Willingen GER"]
[Date "2009.05.31"]
[Round "1"]
[White "Wendling, Hannes"]
[Black "Dann, Matthias"]
[Result "1-0"]
[Termination "normal"]
[Board "4"]
[WhiteElo "2132"]
[BlackElo "2236"]
[PlyCount "83"]
[WhiteFideId "24624284"]
[BlackFideId "24638056"]
[EventCountry "GER"]
[EventRounds "9"]
[EventType "swiss"]
[EventDate "2009.05.30"]

1. e4 e6 2. d4 d5 3. Nc3 Bb4 4. e5 Ne7 5. a3 Bxc3+ 6. bxc3 c5 7. Qg4 O-O 8. Bd3
f5 9. exf6 Rxf6 10. Qh5 h6 11. g4 Nbc6 12. g5 g6 13. Qxh6 Rf7 14. Bxg6 Rg7 15.
Bd3 e5 16. dxe5 c4 17. Be2 Bf5 18. Qh4 Qa5 19. Bd2 Bxc2 20. f4 Rf8 21. Nh3 Rh7
22. Qg3 Nf5 23. Qg4 Rh4 24. Qg2 Be4 25. Bf3 Ne3 26. Bxe3 Qxc3+ 27. Kf2 d4 28.
Rae1 dxe3+ 29. Rxe3 Qd2+ 30. Re2 Qd4+ 31. Kg3 Bxf3 32. Qxf3 Rxh3+ 33. Kxh3 Rxf4
34. Qg3 Nxe5 35. Rhe1 Rf3 36. Rxe5 Rxg3+ 37. Kxg3 Qd6 38. Kf3 c3 39. Re8+ Kf7
40. R1e7+ Qxe7 41. Rxe7+ Kxe7 42. Ke3 1-0

[Event "DEM U18 2009"]
[Site "Willingen GER"]
[Date "2009.05.31"]
[Round "1"]
[White "Poetsch, Hagen"]
[Black "Hirschberg, Valerian"]
[Result "1/2-1/2"]
[Termination "normal"]
[Board "5"]
[WhiteElo "2281"]
[BlackElo "2079"]
[PlyCount "139"]
[WhiteFideId "24615137"]
[BlackFideId "24628492"]
[EventCountry "GER"]
[EventRounds "9"]
[EventType "swiss"]
[EventDate "2009.05.30"]

1. e4 c5 2. Nf3 Nc6 3. d4 cxd4 4. Nxd4 Nf6 5. Nc3 e5 6. Ndb5 d6 7. Bg5 a6 8.
Na3 b5 9. Bxf6 gxf6 10. Nd5 f5 11. c3 Bg7 12. exf5 Bxf5 13. Nc2 O-O 14. Nce3
Be6 15. Bd3 f5 16. O-O Rb8 17. Bc2 Ne7 18. Bb3 Nxd5 19. Bxd5 Qf6 20. Qb3 Bxd5
21. Nxd5 Qf7 22. Rad1 Kh8 23. Qa3 Qd7 24. f4 e4 25. Rd2 Qa7+ 26. Kh1 Qc5 27.
Qxc5 dxc5 28. Rfd1 a5 29. a3 b4 30. axb4 axb4 31. cxb4 cxb4 32. Ne3 Ra8 33. g3
Ra2 34. Nc4 Kg8 35. b3 Rxd2 36. Rxd2 Ra8 37. Rd5 Ra1+ 38. Kg2 Rb1 39. Rxf5 Rxb3
40. Rb5 Bf8 41. Rb8 Rc3 42. Ne5 Rc2+ 43. Kf1 Rxh2 44. Nd7 b3 45. Rxb3 Bg7 46.
Nc5 e3 47. Ne6 e2+ 48. Ke1 Bf6 49. Nc5 Bd4 50. Ne4 h5 51. Rd3 Bb6 52. Rd5 h4
53. Rg5+ Kf7 54. gxh4 Rxh4 55. Rf5+ Ke6 56. Rf6+ Kd5 57. Nc3+ Kc4 58. Nxe2 Be3
59. Kf1 Kd5 60. f5 Ke4 61. Kg2 Bd4 62. Ng3+ Kd5 63. Rf8 Be5 64. Rd8+ Kc6 65.
Re8 Kd5 66. Nf1 Rg4+ 67. Kf3 Rf4+ 68. Ke2 Bd4 69. Ng3 Bf2 70. Nf1 1/2-1/2

[Event "DEM U18 2009"]
[Site "Willingen GER"]
[Date "2009.05.31"]
[Round "1"]
[White "Meißner, Felix"]
[Black "Savchenko, Aleksij"]
[Result "1/2-1/2"]
[Termination "normal"]
[Board "6"]
[WhiteElo "2131"]
[BlackElo "2239"]
[PlyCount "101"]
[WhiteFideId "24671827"]
[BlackFideId "24611727"]
[EventCountry "GER"]
[EventRounds "9"]
[EventType "swiss"]
[EventDate "2009.05.30"]

1. e4 c5 2. Nf3 e6 3. d4 cxd4 4. Nxd4 a6 5. c4 Nf6 6. Nc3 Qc7 7. Nc2 Be7 8. Be2
d6 9. Be3 Nbd7 10. Rc1 Ne5 11. Na3 b6 12. f3 O-O 13. O-O Qb8 14. Qb3 Ned7 15.
Rfd1 Bd8 16. Kh1 Bc7 17. Bg1 Bb7 18. Bf1 Kh8 19. Qc2 Rg8 20. b4 g5 21. Qe2 Rg6
22. Nc2 Rh6 23. g4 Rg6 24. Ne3 h5 25. Bg2 hxg4 26. fxg4 Ne5 27. Bf2 Qa7 28. Bg3
Rag8 29. h3 Qa8 30. Nc2 Kg7 31. Re1 Nfd7 32. Rcd1 Rh8 33. Kg1 Qc8 34. Ne3 Bb8
35. Rc1 Qf8 36. a3 Kg8 37. Rcd1 Rgh6 38. Rf1 Ng6 39. Qd2 Nde5 40. Qe2 Qe7 41.
Rc1 Nd7 42. Rcd1 Nde5 43. Rc1 Nh4 44. Bxh4 Rxh4 45. Ncd5 exd5 46. Nf5 Qf8 47.
Nxh4 Rxh4 48. exd5 Bc8 49. Qe3 Ng6 50. Rce1 Bd7 51. Be4 1/2-1/2

[Event "DEM U18 2009"]
[Site "Willingen GER"]
[Date "2009.05.31"]
[Round "1"]
[White "Müller, Reinhold"]
[Black "Kelbling, Philipp"]
[Result "1-0"]
[Termination "normal"]
[Board "7"]
[WhiteElo "2264"]
[BlackElo "2072"]
[PlyCount "51"]
[WhiteFideId "24605875"]
[BlackFideId "24669750"]
[EventCountry "GER"]
[EventRounds "9"]
[EventType "swiss"]
[EventDate "2009.05.30"]

1. d4 Nf6 2. c4 e6 3. Nf3 d5 4. g3 Be7 5. Bg2 O-O 6. Qc2 a6 7. O-O dxc4 8. Qxc4
b5 9. Qc2 Bb7 10. Bd2 Nbd7 11. Ba5 Rc8 12. Nbd2 Qe8 13. b4 Nd5 14. a3 g6 15.
Rac1 N5b6 16. Qd3 Bf6 17. Bxb6 Nxb6 18. Nb3 Be7 19. Na5 Bd5 20. Ne5 Bxg2 21.
Kxg2 Bd6 22. Ng4 f5 23. Ne5 Bxe5 24. dxe5 Qe7 25. Rc6 f4 26. Qb3 1-0

[Event "DEM U18 2009"]
[Site "Willingen GER"]
[Date "2009.05.31"]
[Round "1"]
[White "Pogan, Nicolas"]
[Black "Hirneise, Jens"]
[Result "0-1"]
[Termination "normal"]
[Board "8"]
[BlackTitle "FM"]
[WhiteElo "2050"]
[BlackElo "2308"]
[PlyCount "114"]
[WhiteFideId "24673579"]
[BlackFideId "24614734"]
[EventCountry "GER"]
[EventRounds "9"]
[EventType "swiss"]
[EventDate "2009.05.30"]

1. e4 c5 2. Nf3 Nc6 3. c3 Nf6 4. e5 Nd5 5. d4 cxd4 6. cxd4 d6 7. Bc4 Nb6 8. Bb5
dxe5 9. Nxe5 Bd7 10. Bxc6 Bxc6 11. Nxc6 bxc6 12. O-O g6 13. Re1 Bg7 14. Bg5 Nc8
15. Qc2 Qd5 16. Be3 O-O 17. Nc3 Qd7 18. Rad1 Nb6 19. Bg5 Rfe8 20. Qe4 Nd5 21.
Nxd5 cxd5 22. Qd3 e6 23. a3 Qa4 24. Bf4 Rec8 25. Bd6 Bf8 26. b3 Qc6 27. Bxf8
Kxf8 28. Kf1 Kg8 29. g3 Qd6 30. b4 Rc4 31. Qe3 a5 32. bxa5 Rxa5 33. Rd3 Qb6 34.
Kg2 Rb5 35. h4 Rb2 36. h5 Rcc2 37. h6 Kf8 38. Qf4 g5 39. Qf6 Rxf2+ 40. Qxf2
Rxf2+ 41. Kxf2 Ke7 42. Re2 Qb1 43. Rdd2 Qa1 44. Rd3 Qh1 45. Rdd2 g4 46. Ra2
Qf3+ 47. Ke1 Qxg3+ 48. Kf1 Qf4+ 49. Kg2 Qf3+ 50. Kh2 f5 51. a4 f4 52. a5 Qg3+
53. Kh1 Qh3+ 54. Kg1 g3 55. a6 f3 56. a7 Qxh6 57. a8=Q Qc1+ 0-1

[Event "DEM U18 2009"]
[Site "Willingen GER"]
[Date "2009.05.31"]
[Round "1"]
[White "Geske, Julian"]
[Black "Zahn, Benno"]
[Result "1-0"]
[Termination "normal"]
[Board "9"]
[WhiteElo "2241"]
[BlackElo "1881"]
[PlyCount "65"]
[WhiteFideId "24605263"]
[BlackFideId "24636070"]
[EventCountry "GER"]
[EventRounds "9"]
[EventType "swiss"]
[EventDate "2009.05.30"]

1. e4 c5 2. Nf3 d6 3. d4 cxd4 4. Nxd4 Nf6 5. Nc3 g6 6. Bc4 Bg7 7. O-O Nc6 8.
Bb3 O-O 9. Re1 Ng4 10. Nf3 a6 11. h3 Nge5 12. Nxe5 Bxe5 13. Bh6 Re8 14. Be3 e6
15. Qd2 Qc7 16. Rad1 Rd8 17. f4 Bg7 18. Qf2 Qe7 19. Bb6 Re8 20. Re2 Bxc3 21.
bxc3 e5 22. Red2 exf4 23. Rxd6 Qxe4 24. Rf6 Be6 25. Rxf4 Qe5 26. Rxf7 Bxb3 27.
cxb3 Qxc3 28. Rdd7 Re1+ 29. Kh2 Rae8 30. Bd4 Qxd4 31. Rxd4 Nxd4 32. Qf6 Nf5 33.
Rxb7 1-0

[Event "DEM U18 2009"]
[Site "Willingen GER"]
[Date "2009.05.31"]
[Round "1"]
[White "Häusler, Felix"]
[Black "Bigalke, Tobias"]
[Result "0-1"]
[Termination "normal"]
[Board "10"]
[WhiteElo "1990"]
[BlackElo "2112"]
[PlyCount "88"]
[WhiteFideId "24631337"]
[BlackFideId "4698282"]
[EventCountry "GER"]
[EventRounds "9"]
[EventType "swiss"]
[EventDate "2009.05.30"]

1. e4 e6 2. d4 d5 3. Nd2 Nf6 4. e5 Nfd7 5. Bd3 c5 6. c3 Nc6 7. Ne2 Qb6 8. Nf3
f6 9. exf6 Nxf6 10. O-O Bd6 11. Bf4 Bxf4 12. Nxf4 c4 13. Bc2 O-O 14. Qd2 Qc7
15. g3 Qd6 16. Rfe1 b5 17. a3 a5 18. Ne5 Rb8 19. Nxc6 Qxc6 20. Re5 b4 21. axb4
axb4 22. Qe2 Re8 23. Nh5 Re7 24. Rg5 Kh8 25. Qe5 Qc7 26. Nxf6 Qxe5 27. dxe5
gxf6 28. exf6 Rf7 29. Rh5 b3 30. Bg6 Rxf6 31. Bxh7 Bb7 32. g4 Kg7 33. Bb1 Rf4
34. Rg5+ Kf6 35. h4 d4 36. Rg6+ Kf7 37. cxd4 Rxd4 38. h5 Rd1+ 39. Kh2 Ra8 40.
Rxa8 Bxa8 41. g5 Rxb1 42. Rf6+ Ke7 43. h6 Rh1+ 44. Kg3 c3 0-1

[Event "DEM U18 2009"]
[Site "Willingen GER"]
[Date "2009.05.31"]
[Round "1"]
[White "Kachibadze, Georg"]
[Black "Falke, Isaak"]
[Result "1-0"]
[Termination "normal"]
[Board "11"]
[WhiteElo "2171"]
[BlackElo "1950"]
[PlyCount "59"]
[WhiteFideId "24640794"]
[BlackFideId "24614483"]
[EventCountry "GER"]
[EventRounds "9"]
[EventType "swiss"]
[EventDate "2009.05.30"]

1. e4 c5 2. Nf3 d6 3. Bc4 Nf6 4. d3 Nc6 5. c3 a6 6. Bb3 Qc7 7. O-O Bg4 8. h3
Bh5 9. Nbd2 h6 10. Qe1 e5 11. Nh2 g5 12. Nc4 Na5 13. Nxa5 Qxa5 14. Be3 Bg7 15.
Qd2 O-O-O 16. Bc2 Qc7 17. b4 cxb4 18. cxb4 d5 19. exd5 Nxd5 20. Bd1 e4 21. Bxh5
Bxa1 22. Rxa1 Kb8 23. dxe4 Nf6 24. Qe2 Qe5 25. Rf1 Qxe4 26. Ng4 Qe6 27. Nxf6
Qxf6 28. b5 axb5 29. Qxb5 Rd6 30. Bf3 1-0

[Event "DEM U18 2009"]
[Site "Willingen GER"]
[Date "2009.05.31"]
[Round "1"]
[White "Völsgen, Georg"]
[Black "Seyb, Alexander"]
[Result "0-1"]
[Termination "normal"]
[Board "12"]
[WhiteElo "1923"]
[BlackElo "2271"]
[PlyCount "100"]
[WhiteFideId "24635901"]
[BlackFideId "4699033"]
[EventCountry "GER"]
[EventRounds "9"]
[EventType "swiss"]
[EventDate "2009.05.30"]

1. e4 e5 2. Nf3 Nc6 3. Bc4 Bc5 4. O-O Nf6 5. d3 a6 6. Be3 d6 7. c3 Bxe3 8. fxe3
Na5 9. Nbd2 O-O 10. Qe1 b5 11. Bb3 Nxb3 12. Nxb3 c5 13. Nbd2 Qe7 14. Nh4 g6 15.
h3 Bd7 16. Nhf3 Nh5 17. g4 Ng7 18. Nh4 f6 19. Qg3 Rf7 20. Rf2 Raf8 21. Raf1 Be6
22. a3 a5 23. Kh2 Bc8 24. Rg2 Ba6 25. Rfg1 a4 26. Nhf3 Ne6 27. h4 b4 28. c4
bxa3 29. bxa3 Rb8 30. Rb1 Rff8 31. Qf2 Qc7 32. h5 Kg7 33. Qh4 Qe7 34. g5 Rxb1
35. Nxb1 fxg5 36. Nxg5 Nxg5 37. Rxg5 Qb7 38. hxg6 hxg6 39. Nd2 Qb2 40. Qe1 Bc8
41. Rg2 Qxa3 42. Qg3 Rf6 43. Nf3 Qxd3 44. Ng5 Qxc4 45. Qh4 Qg8 46. Kg1 Qh8 47.
Qe1 Ba6 48. Rh2 Rf1+ 49. Qxf1 Qxh2+ 50. Kxh2 Bxf1 0-1

[Event "DEM U18 2009"]
[Site "Willingen GER"]
[Date "2009.05.31"]
[Round "1"]
[White "Tkachuk, Konstantyn"]
[Black "Dupont, Gabriel"]
[Result "1-0"]
[Termination "normal"]
[Board "13"]
[WhiteElo "2214"]
[BlackElo "1852"]
[PlyCount "51"]
[WhiteFideId "24647330"]
[BlackFideId "4634802"]
[EventCountry "GER"]
[EventRounds "9"]
[EventType "swiss"]
[EventDate "2009.05.30"]

1. e4 e5 2. Nf3 Nc6 3. Bc4 Bc5 4. b4 Bxb4 5. c3 Be7 6. d4 exd4 7. Qb3 Na5 8.
Bxf7+ Kf8 9. Qa4 Kxf7 10. Qxa5 c5 11. Qa4 d6 12. cxd4 cxd4 13. O-O Bf6 14. Nxd4
Bxd4 15. Qxd4 Qf6 16. Rd1 Qxd4 17. Rxd4 Nf6 18. Nc3 Rd8 19. Ba3 Ke6 20. Rad1
Ne8 21. Nb5 Bd7 22. Nc7+ Nxc7 23. Rxd6+ Ke5 24. f3 Nb5 25. R1d5+ Kf4 26. Bc1#
1-0

[Event "DEM U18 2009"]
[Site "Willingen GER"]
[Date "2009.05.31"]
[Round "1"]
[White "Mory, Martin"]
[Black "Nuber, Blasius"]
[Result "0-1"]
[Termination "normal"]
[Board "14"]
[WhiteElo "1794"]
[BlackElo "2104"]
[PlyCount "58"]
[WhiteFideId "1271001"]
[BlackFideId "24620289"]
[EventCountry "GER"]
[EventRounds "9"]
[EventType "swiss"]
[EventDate "2009.05.30"]

1. e4 e5 2. f4 exf4 3. Nf3 Be7 4. Bc4 Bh4+ 5. Kf1 d6 6. d4 Bg4 7. Bxf4 Qf6 8.
g3 Nc6 9. c3 Nge7 10. Kg2 Ng6 11. Be3 O-O-O 12. Rf1 Qe7 13. Nbd2 f5 14. Qc2 Bf6
15. d5 fxe4 16. Ng1 Nce5 17. Qa4 Nxc4 18. Nxc4 a6 19. Na5 Qd7 20. Nc6 Ne5 21.
Na7+ Kb8 22. Qxe4 Rhe8 23. Bf2 Bf5 24. Qb4 Nd3 25. Qb3 Be4+ 26. Nf3 Ne5 27. Bg1
Nxf3 28. Nc6+ Qxc6 29. Rxf3 Bxd5 0-1

[Event "DEM U18 2009"]
[Site "Willingen GER"]
[Date "2009.05.31"]
[Round "2"]
[White "Strunski, Andreas"]
[Black "Kachibadze, Georg"]
[Result "0-1"]
[Termination "normal"]
[Board "1"]
[WhiteElo "2329"]
[BlackElo "2171"]
[PlyCount "132"]
[WhiteFideId "24606073"]
[BlackFideId "24640794"]
[EventCountry "GER"]
[EventRounds "9"]
[EventType "swiss"]
[EventDate "2009.05.30"]

1. d4 d5 2. c4 e6 3. Nc3 Nf6 4. Nf3 dxc4 5. e3 a6 6. a4 c5 7. Bxc4 Nc6 8. O-O
Be7 9. Qe2 cxd4 10. exd4 Nxd4 11. Nxd4 Qxd4 12. Be3 Qg4 13. f3 Qh5 14. Qf2 Bd6
15. g3 O-O 16. Rfd1 Be7 17. Be2 Bd7 18. g4 Qe5 19. f4 Qa5 20. g5 Nd5 21. Rxd5
exd5 22. Bb6 Qb4 23. Nxd5 Qd6 24. Rd1 Kh8 25. Nc7 Qc6 26. Bf3 Qxa4 27. Rd4 Qa1+
28. Rd1 Qa4 29. b3 Qxf4 30. Nxa8 Bc6 31. Bg2 Qxf2+ 32. Kxf2 Rxa8 33. Bxc6 bxc6
34. Rd7 Bxg5 35. Rxf7 Bf6 36. Kg2 h6 37. Rc7 Rd8 38. Ba5 Rd6 39. Be1 Be5 40.
Re7 Rg6+ 41. Bg3 Bxg3 42. hxg3 a5 43. Re4 Rg5 44. Rc4 Rb5 45. Rxc6 Rxb3 46. Rc5
a4 47. Ra5 Ra3 48. Kh3 Ra1 49. g4 a3 50. g5 Kh7 51. gxh6 Kxh6 52. Kg2 Kg6 53.
Kh2 Kf6 54. Kg2 Ke6 55. Kh2 Kd6 56. Ra7 Kc5 57. Rxg7 Rd1 58. Ra7 Kb4 59. Kg2
Kb3 60. Rb7+ Kc2 61. Rc7+ Kb2 62. Rb7+ Ka1 63. Kf2 Rb1 64. Ra7 a2 65. Ke3 Rb3+
66. Kd2 Kb2 0-1

[Event "DEM U18 2009"]
[Site "Willingen GER"]
[Date "2009.05.31"]
[Round "2"]
[White "Bigalke, Tobias"]
[Black "Jorczik, Julian"]
[Result "1-0"]
[Termination "normal"]
[Board "2"]
[BlackTitle "FM"]
[WhiteElo "2112"]
[BlackElo "2354"]
[PlyCount "63"]
[WhiteFideId "4698282"]
[BlackFideId "24611719"]
[EventCountry "GER"]
[EventRounds "9"]
[EventType "swiss"]
[EventDate "2009.05.30"]

1. e4 c6 2. d4 d5 3. e5 Bf5 4. Ne2 e6 5. Ng3 Bg6 6. h4 h6 7. h5 Bh7 8. Bd3 Bxd3
9. Qxd3 c5 10. c3 Nc6 11. a3 a5 12. O-O Qb6 13. Ne2 Qa6 14. Qe3 Nge7 15. g4
cxd4 16. cxd4 Rg8 17. Nbc3 a4 18. b3 axb3 19. a4 Nb4 20. Nb5 Nc2 21. Qf3 Kd7
22. Rb1 Qxa4 23. Rxb3 Rb8 24. Bb2 f5 25. Nf4 fxg4 26. Qxg4 Nf5 27. Qg6 Re8 28.
Rc3 Qxb5 29. Rxc2 Nh4 30. Rfc1 Nxg6 31. Rc7+ Kd8 32. Rc8+ 1-0

[Event "DEM U18 2009"]
[Site "Willingen GER"]
[Date "2009.05.31"]
[Round "2"]
[White "Seyb, Alexander"]
[Black "Müller, Reinhold"]
[Result "1-0"]
[Termination "normal"]
[Board "3"]
[WhiteElo "2271"]
[BlackElo "2264"]
[PlyCount "55"]
[WhiteFideId "4699033"]
[BlackFideId "24605875"]
[EventCountry "GER"]
[EventRounds "9"]
[EventType "swiss"]
[EventDate "2009.05.30"]

1. e4 c5 2. Nf3 d6 3. d4 cxd4 4. Nxd4 Nf6 5. Nc3 g6 6. Be3 Bg7 7. f3 O-O 8. Qd2
Nc6 9. Bc4 Bd7 10. O-O-O Rc8 11. Bb3 Ne5 12. Kb1 Nc4 13. Bxc4 Rxc4 14. g4 Qb8
15. h4 b5 16. h5 b4 17. Nd5 Nxd5 18. exd5 Be5 19. Qf2 Bxd4 20. Bxd4 g5 21. Qe2
Rxd4 22. Rxd4 e5 23. dxe6 Bxe6 24. Qd2 h6 25. Rxd6 Qb7 26. Rf1 a5 27. Qd4 Qc7
28. Rd1 1-0

[Event "DEM U18 2009"]
[Site "Willingen GER"]
[Date "2009.05.31"]
[Round "2"]
[White "Hirneise, Jens"]
[Black "Tkachuk, Konstantyn"]
[Result "1-0"]
[Termination "normal"]
[Board "4"]
[WhiteTitle "FM"]
[WhiteElo "2308"]
[BlackElo "2214"]
[PlyCount "63"]
[WhiteFideId "24614734"]
[BlackFideId "24647330"]
[EventCountry "GER"]
[EventRounds "9"]
[EventType "swiss"]
[EventDate "2009.05.30"]

1. e4 c5 2. Nf3 d6 3. d4 cxd4 4. Nxd4 Nf6 5. Nc3 g6 6. Bg5 Bg7 7. Bb5+ Bd7 8.
Qe2 Nc6 9. O-O-O h6 10. Bh4 g5 11. Bg3 Nxd4 12. Rxd4 Nh5 13. Rc4 Nxg3 14. hxg3
O-O 15. Bxd7 Qxd7 16. Nd5 Rfc8 17. f4 e6 18. Ne3 Rxc4 19. Qxc4 Rc8 20. Qd3 Rc5
21. e5 gxf4 22. gxf4 d5 23. Kb1 Qb5 24. c4 dxc4 25. Qd8+ Kh7 26. Ng4 Rxe5 27.
fxe5 c3 28. Rxh6+ Bxh6 29. Nf6+ Kg6 30. Qg8+ Kf5 31. Qg4+ Kxe5 32. Qh5+ 1-0

[Event "DEM U18 2009"]
[Site "Willingen GER"]
[Date "2009.05.31"]
[Round "2"]
[White "Savchenko, Aleksij"]
[Black "Wendling, Hannes"]
[Result "1/2-1/2"]
[Termination "normal"]
[Board "6"]
[WhiteElo "2239"]
[BlackElo "2132"]
[PlyCount "97"]
[WhiteFideId "24611727"]
[BlackFideId "24624284"]
[EventCountry "GER"]
[EventRounds "9"]
[EventType "swiss"]
[EventDate "2009.05.30"]

1. d4 e6 2. Nf3 d5 3. e3 c5 4. Be2 Nc6 5. O-O Nf6 6. dxc5 Bxc5 7. a3 O-O 8. c4
a6 9. b4 Be7 10. Bb2 dxc4 11. Bxc4 b5 12. Be2 Qb6 13. Nbd2 Rd8 14. Rc1 Bb7 15.
Qb3 Rac8 16. Rfd1 h6 17. Qa2 Ba8 18. Qa1 Qb8 19. h3 Rd7 20. Nb3 Rxd1+ 21. Bxd1
Ne8 22. Nfd2 Bf6 23. Bxf6 Nxf6 24. Be2 Nd7 25. Nc5 Nxc5 26. Rxc5 Ne7 27. Qc3
Bb7 28. Nb3 Nd5 29. Qc2 Rxc5 30. Nxc5 Bc8 31. Bf3 Nb6 32. Qd3 Qc7 33. Bd1 Nd7
34. Bc2 Nf6 35. f4 Kf8 36. Qd4 Ke7 37. Bb3 Qd6 38. Qxd6+ Kxd6 39. e4 Nd7 40.
e5+ Ke7 41. Ne4 Bb7 42. Nd6 Bc6 43. Nc8+ Kd8 44. Nd6 Ke7 45. Kf2 f6 46. Nc8+
Kd8 47. Nd6 Ke7 48. Nc8+ Kd8 49. Nd6 1/2-1/2

[Event "DEM U18 2009"]
[Site "Willingen GER"]
[Date "2009.05.31"]
[Round "2"]
[White "Hirschberg, Valerian"]
[Black "Huschenbeth, Niclas"]
[Result "0-1"]
[Termination "normal"]
[Board "7"]
[BlackTitle "IM"]
[WhiteElo "2079"]
[BlackElo "2425"]
[PlyCount "64"]
[WhiteFideId "24628492"]
[BlackFideId "24604747"]
[EventCountry "GER"]
[EventRounds "9"]
[EventType "swiss"]
[EventDate "2009.05.30"]

1. Nf3 Nf6 2. c4 g6 3. g3 Bg7 4. Bg2 O-O 5. d4 d6 6. O-O Nc6 7. Nc3 a6 8. h3
Bd7 9. e4 e5 10. dxe5 dxe5 11. Re1 h6 12. Nd5 Be6 13. Bd2 b5 14. Qc1 bxc4 15.
Nxf6+ Qxf6 16. Bxh6 Qe7 17. b3 Qc5 18. bxc4 Rfd8 19. Bxg7 Kxg7 20. Qe3 Nd4 21.
Rec1 Nxf3+ 22. Qxf3 Rd2 23. Rd1 Rad8 24. Bf1 R8d6 25. g4 f6 26. a3 g5 27. Kg2
Rxd1 28. Rxd1 Rxd1 29. Qxd1 Qxa3 30. c5 a5 31. Qc2 Qb4 32. c6 a4 0-1

[Event "DEM U18 2009"]
[Site "Willingen GER"]
[Date "2009.05.31"]
[Round "2"]
[White "Moshtael, Wesal"]
[Black "Poetsch, Hagen"]
[Result "0-1"]
[Termination "normal"]
[Board "8"]
[WhiteElo "2133"]
[BlackElo "2281"]
[PlyCount "51"]
[WhiteFideId "24618551"]
[BlackFideId "24615137"]
[EventCountry "GER"]
[EventRounds "9"]
[EventType "swiss"]
[EventDate "2009.05.30"]

1. Nf3 d5 2. c4 d4 3. g3 Nc6 4. Bg2 e5 5. d3 Bc5 6. O-O Nge7 7. Nfd2 a5 8. Na3
O-O 9. Nb5 Be6 10. Ne4 Bb6 11. a3 h6 12. f4 f5 13. Nf2 e4 14. Qc2 e3 15. Nh3 a4
16. b4 axb3 17. Qxb3 Na5 18. Qb4 c6 19. c5 Nb3 20. cxb6 c5 21. Qe1 Qxb6 22.
Nxd4 Nxa1 23. Nxe6 Qxe6 24. Bxb7 Rab8 25. Ba6 Qxa6 26. Bxe3 0-1

[Event "DEM U18 2009"]
[Site "Willingen GER"]
[Date "2009.05.31"]
[Round "2"]
[White "Dann, Matthias"]
[Black "Meißner, Felix"]
[Result "1-0"]
[Termination "normal"]
[Board "9"]
[WhiteElo "2236"]
[BlackElo "2131"]
[PlyCount "79"]
[WhiteFideId "24638056"]
[BlackFideId "24671827"]
[EventCountry "GER"]
[EventRounds "9"]
[EventType "swiss"]
[EventDate "2009.05.30"]

1. e4 c5 2. Nf3 d6 3. d4 cxd4 4. Nxd4 Nf6 5. Nc3 a6 6. Be3 e5 7. Nb3 Be6 8. f3
Be7 9. Qd2 O-O 10. O-O-O a5 11. a4 Nc6 12. g4 Nb4 13. g5 Nd7 14. h4 Rc8 15. Kb1
Nb6 16. Bb5 Nc4 17. Qf2 Nxe3 18. Qxe3 Qc7 19. f4 exf4 20. Qxf4 Bxb3 21. cxb3
Qc5 22. Bc4 Kh8 23. Nd5 Nxd5 24. Rxd5 Qc7 25. h5 f6 26. g6 h6 27. Qf5 b6 28.
Ka2 Qb7 29. Rhd1 Rc7 30. Rb5 Rc5 31. Rd5 Rxd5 32. Bxd5 Qc7 33. Bc4 Bd8 34. Qe6
Be7 35. Rd5 Rd8 36. Rd3 f5 37. exf5 Bf6 38. Re3 Qb8 39. Bd5 Qc8 40. Qxf6 1-0